Most Followed Instagram Accounts - Statistics

General Stats
  • This quiz has been taken 120 times
  • The average score is 7 of 15
Answer Stats
Followers(Millions) Answer % Correct
652 Cristiano Ronaldo
94%
507 Lionel Messi
91%
283 Taylor Swift
69%
355 Kim Kardashian
68%
393 Kylie Jenner
60%
417 Selena Gomez
60%
305 Khloe Kardashian
51%
313 Beyonce
48%
393 The Rock
37%
290 Kendal Jenner
30%
276 Billie Eilish
13%
295 Justin Beiber
12%
302 Nike
12%
280 National Geographic
5%
374 Ariana Granda
0%
No matching quizzes found
Score Distribution
Percent of People with Each Score
Percentile by Number Answered
Your Score History
You have not taken this quiz